<?xml version="1.0" encoding="UTF-8"?>
<record
    xmlns:xsi="http://www.w3.org/2001/XMLSchema-instance"
    xsi:schemaLocation="http://www.loc.gov/MARC21/slim http://www.loc.gov/standards/marcxml/schema/MARC21slim.xsd"
    xmlns="http://www.loc.gov/MARC21/slim">

  <leader>00734nam a22002177a 4500</leader>
  <controlfield tag="003">UA-OsUOA</controlfield>
  <controlfield tag="001"> 74788 </controlfield>
  <controlfield tag="007">ta</controlfield>
  <controlfield tag="008">20110418b un ||||| |||| 00| 0 ukr d</controlfield>
  <datafield tag="100" ind1=" " ind2=" ">
    <subfield code="a">&#x420;&#x443;&#x434;&#x435;&#x43D;&#x43A;&#x43E; &#x414;.</subfield>
  </datafield>
  <datafield tag="090" ind1=" " ind2=" ">
    <subfield code="a">908</subfield>
    <subfield code="b">&#x420;83</subfield>
  </datafield>
  <datafield tag="942" ind1=" " ind2=" ">
    <subfield code="c">SA</subfield>
  </datafield>
  <datafield tag="040" ind1=" " ind2=" ">
    <subfield code="a">UA-OsUOA</subfield>
    <subfield code="b">ukr</subfield>
    <subfield code="c">UA-OsUOA</subfield>
    <subfield code="d">UA-OsUOA</subfield>
  </datafield>
  <datafield tag="245" ind1=" " ind2=" ">
    <subfield code="a">&#x42F;&#x43A;&#x43E;&#x44E; &#x431;&#x443;&#x442;&#x438; &#x432;&#x43B;&#x430;&#x434;&#x456; &#x432; &#x423;&#x43A;&#x440;&#x430;&#x457;&#x43D;&#x456;/ &#x41D;&#x430;&#x443;&#x43A;&#x43E;&#x432;&#x43E;-&#x43F;&#x440;&#x430;&#x43A; &#x442;&#x438;&#x447;&#x43D;&#x438;&#x439; &#x441;&#x435;&#x43C;&#x456;&#x43D;&#x430;&#x440; "&#x420;&#x435;&#x444;&#x43E;&#x440;&#x43C;&#x443;&#x432;&#x430;&#x43D;&#x43D;&#x44F; &#x442;&#x435;&#x440;&#x438;&#x442;&#x43E;&#x440;&#x456;&#x430;&#x43B;&#x44C;&#x43D;&#x43E;&#x457; &#x432;&#x43B;&#x430;&#x434;&#x438; &#x432; &#x423;&#x43A;&#x440;&#x430;&#x457;&#x43D;&#x456;: &#x43F;&#x440;&#x43E;&#x431;&#x43B;&#x435;&#x43C;&#x438; &#x456; &#x43F;&#x435;&#x440;&#x441;&#x43F;&#x435;&#x43A;&#x442;&#x432;&#x438;" &#x432; &#x41E;&#x441;&#x442;&#x440;&#x43E;&#x437;&#x44C;&#x43A;&#x456;&#x439; &#x430;&#x43A;&#x430;&#x434;&#x435;&#x43C;&#x456;&#x457;</subfield>
  </datafield>
  <datafield tag="300" ind1=" " ind2=" ">
    <subfield code="a">&#x421;.1</subfield>
  </datafield>
  <datafield tag="955" ind1=" " ind2=" ">
    <subfield code="a">0</subfield>
  </datafield>
  <datafield tag="041" ind1=" " ind2=" ">
    <subfield code="a">ukr</subfield>
  </datafield>
  <datafield tag="080" ind1=" " ind2=" ">
    <subfield code="a">908</subfield>
  </datafield>
  <datafield tag="773" ind1="0" ind2=" ">
    <subfield code="w">74786</subfield>
  </datafield>
  <datafield tag="650" ind1=" " ind2="7">
    <subfield code="a">908 &#x41A;&#x440;&#x430;&#x454;&#x437;&#x43D;&#x430;&#x432;&#x441;&#x442;&#x432;&#x43E;</subfield>
    <subfield code="2">UDC</subfield>
  </datafield>
  <datafield tag="999" ind1=" " ind2=" ">
    <subfield code="c">361081</subfield>
    <subfield code="d">361081</subfield>
  </datafield>
</record>
